Sports Quiz

Random Sports or NHL Quiz
Score 0/10 Timer 08:00
0 Plays Today
Player % Correct
Bobby Hull
98.2%
Dennis Hull
97.3%
Stan Mikita
96.4%
Jeremy Roenick
87.3%
Denis Savard
84.5%
Steve Larmer
80%
Tony Amonte
77.3%
Pit Martin
39.1%
Bill Mosienko
30.9%
Kenny Wharram
24.5%
Remove Ads.
Support Sporcle.
Get the best of Sporcle when you Go Orange. This ad-free experience offers more features, more stats, and more fun while also helping to support Sporcle. Thank you for becoming a member.

You're not logged in!

Compare scores with friends on all Sporcle quizzes.
OR
Log In

Show Comments

Extras

Top Quizzes Today


Score Distribution

Your Account Isn't Verified!

In order to create a playlist on Sporcle, you need to verify the email address you used during registration. Go to your Sporcle Settings to finish the process.

Report this User

Report this user for behavior that violates our Community Guidelines.

Details: